Asoka : (Record no. 128477)

MARC details
000 -LEADER
fixed length control field 00631nam a22002177a 4500
005 - DATE AND TIME OF LATEST TRANSACTION
control field 20170124110040.0
010 ## - LIBRARY OF CONGRESS CONTROL NUMBER
LC control number A-998404
020 ## - INTERNATIONAL STANDARD BOOK NUMBER
Terms of availability 80.00
International Standard Book Number 8176500100
035 ## - SYSTEM CONTROL NUMBER
System control number A-998404
037 ## - SOURCE OF ACQUISITION
Source of stock number/acquisition Cen Lib/Ret
040 ## - CATALOGING SOURCE
Original cataloging agency DPL
Language of cataloging EN
082 ## - DEWEY DECIMAL CLASSIFICATION NUMBER
Classification number 882
Item number GIL
100 ## - MAIN ENTRY--PERSONAL NAME
Personal name Gill, Tarlochan Singh
9 (RLIN) 23525
245 ## - TITLE STATEMENT
Title Asoka :
Statement of responsibility, etc by Tarlochan Singh Gill
Remainder of title historical play /
260 ## - PUBLICATION, DISTRIBUTION, ETC. (IMPRINT)
Place of publication, distribution, etc New Delhi
Name of publisher, distributor, etc Star publications
Date of publication, distribution, etc 1998
270 ## - ADDRESS
City New Delhi
Address 4/5-B, Asaf ali road
Postal code 110002
300 ## - PHYSICAL DESCRIPTION
Extent 96p.
Dimensions 21cm(Hb)
650 ## - SUBJECT ADDED ENTRY--TOPICAL TERM
Topical term or geographic name as entry element literature
9 (RLIN) 6262
650 ## - SUBJECT ADDED ENTRY--TOPICAL TERM
Topical term or geographic name as entry element Epic literature
9 (RLIN) 23526
942 ## - ADDED ENTRY ELEMENTS (KOHA)
Source of classification or shelving scheme Dewey Decimal Classification
Koha item type English Books
Classification part 882
Call number suffix GIL
Holdings
Withdrawn status Lost status Damaged status Not for loan Home library Current library Date acquired Source of acquisition Cost, normal purchase price Total Checkouts Full call number Barcode Date last seen Date checked out Copy number Cost, replacement price Price effective from Koha item type Source of classification or shelving scheme Collection code
        Central Library Central Library 02/07/2015 Cen Lib/Ret 80.00 1 882 GIL A-998404 21/11/2020 02/11/2020 1 80.00 02/07/2015 English Books    
        Sarojini Nagar Sarojini Nagar 15/05/2019       882 GIL A-998409 15/05/2019       15/05/2019 English Books Dewey Decimal Classification Non-fiction

© Delhi Public Library
Hit Counter
free hit counter